000 00288nam a2200097Ia 4500
005 20250424112918.0
008 250424s9999 xx 000 0 und d
300 _axiii, 273 p. :ill. ; 24 cm.
650 _aCounseling psychology. Counseling--Great Britain. Psychology, Applied.
942 _cSR
999 _c37835
_d37835